[Event "Evry op 2nd"]
[Site "Evry"]
[Date "2006.11.01"]
[Round "2"]
[White "Kononov, Alexander"]
[Black "Ferrie, Sebastien"]
[Result "1-0"]
[WhiteElo "2243"]
[BlackElo "1986"]
[PlyCount "61"]
[EventDate "2006.11.01"]
[EventType "swiss"]
[EventRounds "7"]
[EventCountry "FRA"]
[SourceTitle "EXT 2007"]
[Source "ChessBase"]
[SourceDate "2006.11.23"]
[SourceVersion "1"]
[SourceVersionDate "2006.11.23"]
[SourceQuality "1"]

1. d4 d5 2. c4 c6 3. Nc3 Nf6 4. Nf3 dxc4 5. a4 Bf5 6. Ne5 e6 7. e3 Nbd7 8. Nxc4 Be7 9. Be2 0-0 10. 0-0 Nb6 11. Qb3 Nxc4 12. Bxc4 Qc7 13. Re1 Ng4 14. g3 Rad8 15. f3 Nh6 16. e4 Bg6 17. Be3 b6 18. Rac1 Qd6 19. Re2 Qb4 20. Qxb4 Bxb4 21. Na2 Be7 22. Ba6 c5 23. dxc5 bxc5 24. Bxc5 Bxc5+ 25. Rxc5 Rd1+ 26. Kg2 Rfd8 27. Nc3 R1d6 28. Bc4 Kf8 29. Kf2 f6 30. Nb5 Ra6 31. Nc7 1-0